| 000 | 00689nam a2200229 a 4500 | ||
|---|---|---|---|
| 001 | 000007763 | ||
| 005 | 20200929154306.0 | ||
| 008 | 820924s1986 mx 000 f spa d | ||
| 020 | _a9681503414 | ||
| 040 |
_aDO-SdBNP _bspa _cBNPHU |
||
| 082 |
_a863.5 _bV162j, 1986 |
||
| 100 | 1 |
_aValera, Juan, _d1824-1905. _96833 |
|
| 245 | 1 | 0 |
_aJuanita la larga / _cJuan Valera ; prólogo de Fernando Juan Serrano Escobar. |
| 250 | _a2a ed. | ||
| 260 |
_aMéxico : _bMexicanos Unidos, _c1986. |
||
| 300 |
_a282 p. ; _c19 cm. |
||
| 650 | 4 |
_aNovela española _91123 |
|
| 650 | 4 |
_aLiteratura española _9632 |
|
| 700 | 1 |
_aSerrano Escobar, Fernando Juan, _epról. _921455 |
|
| 910 | _aWM | ||
| 049 | _aBNGR | ||
| 999 |
_c7541 _d7541 |
||